Impact of carbon markets on the rural economy (Record no. 122054)

MARC details
000 -LEADER
fixed length control field 02100nam a22002777a 4500
008 - FIXED-LENGTH DATA ELEMENTS--GENERAL INFORMATION
fixed length control field 241106t2024 xxk|||||o|||| 00| 0 eng d
020 ## - INTERNATIONAL STANDARD BOOK NUMBER
ISBN 9781783215270
041 ## - LANGUAGE CODE
Language code of text/sound track or separate title eng
100 ## - MAIN ENTRY--PERSONAL NAME
Personal author Cameron, Ian
110 ## - MAIN ENTRY--CORPORATE NAME
Corporate author Royal Institution of Chartered Surveyors
245 ## - TITLE STATEMENT
Title Impact of carbon markets on the rural economy
Medium [Electronic resource]
250 ## - EDITION
Edition statement 1st
260 ## - PUBLICATION INFORMATION
Place of publication London,
Publisher Royal Institution of Chartered Surveyors,
Date November 2024
490 ## - SERIES TITLE
Series statement RICS Practice Information
520 ## - ABSTRACT
Abstract This paper offers a comprehensive overview of how UK and global carbon markets create new opportunities and challenges for British agriculture, forestry, and the valuation industry. It aims to raise awareness of diverse soil carbon sequestration projects (SCSPs) and their potential to incentivise landowners to engage in carbon sequestration. By examining pathways to connect SCSPs with the finance sector and exploring stakeholders' perspectives, the paper outlines potential valuation methods for rural assets with carbon projects. Using examples such as the Woodland Carbon Code, it highlights the complexities of carbon markets and encourages a collaborative approach to valuing natural resources in the UK.<br/><br/>Rather than prescribing a fixed method for incorporating carbon credits into valuations, this paper initiates a discussion around the challenges and opportunities in this evolving field. By presenting perspectives from landowners, the finance sector, and the valuation industry, it proposes avenues to further this critical dialogue and foster a more informed approach to sustainable valuation practices.
650 ## - KEYWORDS
Keywords CARBON
650 ## - KEYWORDS
Keywords CARBON CREDITS
650 ## - KEYWORDS
Keywords NET ZERO
650 ## - KEYWORDS
Keywords SOIL
651 ## - SUBJECT ADDED ENTRY--GEOGRAPHIC NAME
Geographic name United Kingdom
690 ## - BROAD SUBJECT
Broad subject Environment
9 (RLIN) 6238
700 ## - ADDED PERSONAL NAME
Added personal author Cameron, Ian
710 ## - ADDED CORPORATE NAME
Added corporate author Royal Institution of Chartered Surveyors
856 ## - ONLINE RESOURCE
Uniform Resource Identifier <a href="https://www.rics.org/profession-standards/rics-standards-and-guidance/sector-standards/land-standards/impact-carbon-markets-rural-economy-1st-edition-practice-information-uk">https://www.rics.org/profession-standards/rics-standards-and-guidance/sector-standards/land-standards/impact-carbon-markets-rural-economy-1st-edition-practice-information-uk</a>
Public note Available free on RICS.org
942 ## - ADDED ENTRY ELEMENTS (KOHA)
Suppress in OPAC Do not suppress in OPAC
Holdings
Lost status Damaged status Not for loan Current library Shelving location Date acquired Total Checkouts Full call number Date last seen Price effective from Koha item type
      Virtual Online 06/11/2024   ONLINE PUBLICATION 06/11/2024 06/11/2024 Online material